| 000 | 00561nam a22001817a 4500 | ||
|---|---|---|---|
| 003 | 0 | ||
| 005 | 20230811144003.0 | ||
| 008 | 230811b xxu||||| |||| 00| 0 eng d | ||
| 020 | _a978-971-506-885-7 | ||
| 050 |
_aDS 686.616 _b.Sa59 2022 |
||
| 100 | _aSantos, Vergel O. | ||
| 245 |
_aDuterte watch : descent into authoritarianism _cVergel O. Santos |
||
| 260 |
_aManila _bUST Publishing House _cc2022. |
||
| 300 |
_axii, 278pp. ; _c23 cm. |
||
| 600 | _aDuterte, Rodrigo Roa, President, Philippines, 2016- | ||
| 650 | _aAuthoritarianism. | ||
| 942 |
_2lcc _cBK |
||
| 999 |
_c365138 _d365138 |
||